00766cam a2200313 a 4500001001000000003000900010005001700019007000300036008004100039020001800080040002500098082001900123100002800142245007300170260008100243300002800324600000300352600000300355600000300358600000300361600000300364600000300367600000300370650000300373650003000376650000300406700004000409830000300449000008493DO-SdBNP20221019092114.0ta971017s2021 ck 001 p spa  a9789945929652 aDO-SdBNPbspacBNPHU axxxbO771t2221 aOrtega Gámez, Natalia10aLos tejedores /cNatalia Ortega Gámez, Ricardo Ariel Toribio Genao aSantiago de los Caballeros :bCentro Cultural Eduardo León Jimenes,c2021. a117 p. :bil. ;c26 cm.         4aPoesía amorosa colombia 4 aToribio Genao, Ricardo Arieleautor 0